000 00785nam a2200229Ii 4500
003 JO-AjNU
008 230605s9999||||xx |||||||||||||| ||und||
017 _a2007/10/3196
020 _a978-9957-07-549-1
040 _aJO-AjNU
_bara
_erda
_cJO-AjNU
041 _aara
050 1 4 _aBF723.C5.S5412.2010
100 3 _aSiegler,Robert.S , Alibali,Martha Wagner ،السمادوني، السيد ابراهيم/ترجمة,
_eauthor
_942727
245 0 0 _aتفكير الأطفال =Children's Thinking
250 _aط1
264 3 1 _aعمان:دار الفكر ناشرون وموزعون ،2010
300 _a612ص
336 _atext
_btxt
_2rdacontent
337 _aunmediated
_bn
_2rdamedia
338 _avolume
_bnc
_2rdacarrier
650 4 _aالتفكير-الابداع
_942728
999 _aA18317
_c21885
_d21885